000 00549cab a2200205 4500
001 WB2433-08
008 090401t1988 xxu||||| |||| 00| 0 eng d
035 _a(Sirsi) u89315
041 _aeng
245 _aHousehold insurance
260 _c1988
350 _a0
490 _aMoney Week
_vNo 71 16/8/88 p9
520 _aAn examination of the household insurance market, including firms offering discounts and minimum rates.
650 _aBUILDINGS
650 _aCONTENTS
690 _aInsurance
_96249
942 _n0
948 _c04/03/1997
999 _c56495
_d56495